| 000 | 00803nam a22002297a 4500 | ||
|---|---|---|---|
| 005 | 20150312150423.0 | ||
| 010 | _aBAC-EN21 ENG-111707 | ||
| 020 |
_a9788121928311 _c395.00 |
||
| 035 | _aEN-95239 | ||
| 035 | _aB-589379-401 | ||
| 037 |
_bTechniz/Ven _adpl |
||
| 037 | _bDBAD/PUB | ||
| 082 | _a485 | ||
| 100 | _aVerma, Shalini | ||
| 245 |
_aWord power made handy : _cby Shalini Verma _bfor aspirants of CAT, MAT, XAT, GMAT, GRE, SAT, TOEFL & IELTS / |
||
| 260 |
_c2014(repr.) _aNew Delhi _bS.Chand |
||
| 270 |
_a7361, Ram Nagar _bNew Delhi _e110055 |
||
| 300 |
_c24cm(pbk) _axxiv,392p. |
||
| 500 | _aIncludes index | ||
| 942 |
_cEN _2ddc _mVER _h485 |
||
| 999 |
_c88681 _d88681 |
||